| 000 | 00706nas a2200229 4500 | ||
|---|---|---|---|
| 005 | 20180604193406.0 | ||
| 008 | 180604b xxu||||| |||| 00| 0 spa d | ||
| 022 | _a16593383 | ||
| 082 | _aInvestiga.TEC Mes mayo, N° 32, 2018 | ||
| 100 |
_aGrajales, Irina _947513 |
||
| 245 | _aCientíficos ticos descubren nueva bacteria | ||
| 260 | _aCosta Rica | ||
| 260 | _bTecnológica de Costa Rica | ||
| 260 | _c2018 | ||
| 300 | _a22-23 | ||
| 440 |
_aInvestiga.TEC _n32 _vMayo _947530 |
||
| 650 |
_aCOSTA RICA _947531 |
||
| 650 |
_aBACTERIA _947532 |
||
| 650 |
_aLISTERIA _947533 |
||
| 942 | _cREV | ||
| 773 | 0 |
_09516 _931436 _a _b _dCosta Rica Tecnológica de Costa Rica 2017 _oIT1832 _tInvestiga. TEC _w _x16593383 _z |
|
| 999 |
_c10735 _d10735 |
||